Sławne Katarzyny - Statystyki

Ogólne statystyki
  • Ten quiz został rozwiązany 19 razy
  • Średni wynik to 6 z 19
Statystyki odpowiedzi
Wskazówka Odpowiedź % Poprawnych
Aktorka Titanica Kate Winslet
67%
Rosyjska cesarzowa Katarzyna Wielka
61%
Królewska panna młoda 2011 Kate Middleton
50%
Główna bohaterka Hollywood, niespokrewniona z Audrey Katharine Hepburn
50%
Tom Cruise tak ją kochał, że wskoczył na kanapę Katie Holmes
50%
Osoba najczęściej obserwowana na Twitterze Katy Perry
50%
Żona Michaela Douglasa Catherine Zeta-Jones
44%
Żony Henryka VIII Katarzyna Aragońska
33%
Waifish angielska modelka, która była heroin chic Kate Moss
33%
Galadriela w "Władcy Pierścieni" Cate Blanchett
28%
Córka Goldie Hawn Kate Hudson
28%
Żony Henryka VIII Katarzyna Howard
22%
Żony Henryka VIII Katarzyna Parr
22%
Gwiazda „Chirurgów” i „Wpadki” Katherine Heigl
17%
Reżyser „The Hurt Locker” Kathryn Bigelow
17%
2012 i 2013 modelka na okładce kostiumu kąpielowego Sports Illustrated Kate Upton
6%
Kiedyś była najchętniej czytaną powieściopisarką w Wielkiej Brytanii Catherine Cookson
0%
Matka sześcioraczków z reality show Kate Gosselin
0%
Amerykański dziennikarz, który przeprowadził słynny wywiad z Sarah Palin Katie Couric
0%
Nie znaleziono quizów pasujących do podanych kryteriów
Rozkład punktacji
Procent ludzi z każdym wynikiem
Percentyl według liczby udzielonych odpowiedzi
Twoja historia wyników
Nie rozwiązałeś tego quizu